[Event "Mecklenburg VP Verbandsliga 2021"]
[Site "Mecklenburg VP"]
[Date "2020.10.18"]
[Round "2.6"]
[White "Patrias, Joachim"]
[Black "Sichler, Jakob"]
[Result "0-1"]
[WhiteElo "1628"]
[BlackElo "1821"]
[PlyCount "84"]
[EventDate "2020.09.27"]
[EventType "team-tourn"]
[EventRounds "9"]
[EventCountry "GER"]
[SourceTitle "EXT 2024"]
[Source "ChessBase"]
[SourceDate "2023.10.10"]
[SourceVersion "1"]
[SourceVersionDate "2023.10.10"]
[SourceQuality "1"]
[WhiteTeam "Turbine Rostock"]
[BlackTeam "Greifswald"]
[WhiteTeamCountry "GER"]
[BlackTeamCountry "GER"]

1. e4 e5 2. Nf3 Nf6 3. Nxe5 d6 4. Nc4 Nxe4 5. d3 Nf6 6. Be2 d5 7. Ncd2 Bd6 8. 0-0 0-0 9. Re1 c5 10. Nf1 Bf5 11. Bg5 Nbd7 12. Bf3 Qb6 13. Bc1 Be5 14. Nc3 Be6 15. a3 Rfe8 16. Na4 Qa5 17. c3 d4 18. b4 Qc7 19. c4 Rab8 20. Bd2 Bf5 21. Nb2 b6 22. g4 Bxg4 23. Bxg4 Nxg4 24. Qxg4 Re6 25. Ng3 Rg6 26. Qh4 f5 27. Kf1 Rf8 28. Ke2 f4 29. Nf1 Rf5 30. Qh3 f3+ 31. Kd1 Rf8 32. Kc2 Rg2 33. Nd1 b5 34. Rb1 Bxh2 35. Nxh2 Rxh2 36. Qe6+ Kh8 37. Qe7 bxc4 38. dxc4 Qc6 39. b5 Qg6+ 40. Re4 Rg8 41. Kb3 Nf6 42. Re5 Qxb1+ 0-1